| 000 | 00470nam a2200133 a 4500 | ||
|---|---|---|---|
| 008 | 120416s1971 xx |||||||||||||| || u | ||
| 050 | _aTH 438 War | ||
| 100 | _aWard, Sol A | ||
| 245 | 1 | 0 | _aUrban planning and architecture |
| 246 | _aand the use of the critical path methods | ||
| 260 | _c1971 | ||
| 350 | _a0.00 | ||
| 995 |
_D0.00 _FCBU-MAIN LIBRARY (Kitwe) _H1 _I0.00 _M1 _UAVAILABLE _ZAnnex Low-Usage Collection |
||
| 999 |
_c61044 _d61044 |
||